Batman la série animée - Identités secrètes des personnages - Statistiques

Statistiques générales
  • Ce quiz a été pris 42 fois
  • Le résultat moyen est 11 sur 17
Statistiques - réponses
Hint Réponse % Correct
Bruce Wayne Batman
97%
Selina Kyle Catwoman
95%
Dick Grayson Robin
95%
Harvey Dent Double Face
92%
Dr. Harleen Quinzel Harley Quinn
89%
Oswald Cobblepot Le Pingouin
89%
Barbara Gordon Batgirl
81%
Edward Nygma L'Homme Mystère
81%
Jonathan Crane L'Epouvantail
73%
Pamela Isley Poison Ivy
70%
Victor Fries Mister Freeze
65%
Kirk Langstrom Man-Bat
43%
Matthew Hagen Gueule d'Argile
35%
Jervis Tetch Le Chapelier Fou
32%
Arnold Wesker Le Ventriloque
30%
Andrea Beaumont Le Fantôme Masqué
19%
Temple Fugate Le Roi du Temps
8%
Aucun quiz correspondant
Distribution des résultats
% des personnes avec chaque résultat
Percentile par nombre de réponses
Votre historique - résultats
Vous n’avez pas pris ce quiz